| 000 | 00499nam a22001817a 4500 | ||
|---|---|---|---|
| 005 | 20221122112836.0 | ||
| 008 | 221122b ||||| |||| 00| 0 eng d | ||
| 040 | _cAL | ||
| 041 | _aEnglish | ||
| 082 |
_223 _a362.8292 _bHASP |
||
| 100 |
_aIftikhar N Hassan _963088 |
||
| 245 | _aPsychological profile of Rural Women | ||
| 260 |
_aIslamabad _bGovernment of Pakistan _c1983 |
||
| 300 |
_a8 p. _bPB _c21x14 cm. |
||
| 650 |
_aWomen _963089 |
||
| 700 |
_aHASSAN (Iftikhar N) _963090 |
||
| 942 |
_2ddc _cGF |
||
| 999 |
_c225258 _d225258 |
||